<?xml version="1.0" encoding="UTF-8"?>
<collection xmlns="http://www.loc.gov/MARC21/slim">
    <record>
        <controlfield tag="001">90097</controlfield>
        <controlfield tag="005">20200717113345.0</controlfield>
        <datafield tag="037" ind1=" " ind2=" ">
            <subfield code="a">TAZ-TFG-2020-273</subfield>
        </datafield>
        <datafield tag="041" ind1=" " ind2=" ">
            <subfield code="a">spa</subfield>
        </datafield>
        <datafield tag="100" ind1="1" ind2=" ">
            <subfield code="a">Iglesia González, Gabriel</subfield>
        </datafield>
        <datafield tag="242" ind1="0" ind2="0">
            <subfield code="a">From the linear to the circular economy: reverse logistics and the sustainability of the supply chain as fundamental elements of change.</subfield>
        </datafield>
        <datafield tag="245" ind1="0" ind2="0">
            <subfield code="a">De la economía lineal a la circular: la logística inversa y la sostenibilidad de la cadena de suministro como elementos fundamentales del cambio.</subfield>
        </datafield>
        <datafield tag="260" ind1=" " ind2=" ">
            <subfield code="a">Zaragoza</subfield>
            <subfield code="b">Universidad de Zaragoza</subfield>
            <subfield code="c">2020</subfield>
        </datafield>
        <datafield tag="506" ind1=" " ind2=" ">
            <subfield code="a">by-nc-sa</subfield>
            <subfield code="b">Creative Commons</subfield>
            <subfield code="c">3.0</subfield>
            <subfield code="u">http://creativecommons.org/licenses/by-nc-sa/3.0/</subfield>
        </datafield>
        <datafield tag="520" ind1=" " ind2=" ">
            <subfield code="a">Este trabajo trata de poner de manifiesto, en primer lugar, la imperante necesidad de superar un modelo de economía lineal basado en el incesante consumo de materiales “raros” y dirigirse hacia un modelo sostenible que trate de maximizar el valor creado en cada producto tratando de alargar su vida útil y reintegrar los materiales a nuevos ciclos productivos. Para ello, en primer lugar, se tratarán los principales ejes de un modelo circular, para después basarse en la incidencia y evolución de la cadena de suministro y de la logística inversa en la transición hacia el modelo circular. También se propondrán modelos de economía circular, apartado en el que se hará hincapié en la apuesta por modelos creadores de usuarios en vez de modelos creadores de consumidores, como lo son la mayoría de los existentes a día de hoy. Con el objetivo de ahondar un poco más en la idea, se adjuntará a dicho apartado, como anexo, un estudio propio basado en una encuesta, que trata de analizar el grado de aceptación de dicho modelo en los clientes actuales en sectores altamente tecnológicos como lo son el del automóvil o el de la telefonía móvil.  &lt;br /> &lt;br />Además, el presente estudio también analiza la evolución de los cumplimientos de los Objetivos de Desarrollo Sostenible (ODS) desde su nacimiento y cómo la implantación del modelo circular propuesto aumentaría considerablemente la tasa de éxito de dichos acuerdos. Como ejemplo de éxito se expone el caso de Saica, empresa papelera aragonesa de reconocida trayectoria, cuyo modelo circular sustentado por un aprovechamiento óptimo de los recursos existentes le permiten a la vez, ser una de las empresas aragonesas con más BAI (Beneficio Antes de Impuestos) generado, comprometerse con los ODS y ser sostenibles con el medioambiente. &lt;br /> &lt;br />Todo lo anterior, como elementos centrales del trabajo, no obsta para que, a lo largo del mismo, se analicen otras materias como vehículo para entender y encontrar solución a la problemática que plantea la transición propuesta.  &lt;br /> &lt;br />&lt;br /></subfield>
        </datafield>
        <datafield tag="521" ind1=" " ind2=" ">
            <subfield code="a">Programa conjunto en ADE/DERECHO (Grados)</subfield>
        </datafield>
        <datafield tag="540" ind1=" " ind2=" ">
            <subfield code="a">Derechos regulados por licencia Creative Commons</subfield>
        </datafield>
        <datafield tag="700" ind1=" " ind2=" ">
            <subfield code="a">Dejo Oricain, Natalia</subfield>
            <subfield code="e">dir.</subfield>
        </datafield>
        <datafield tag="710" ind1="2" ind2=" ">
            <subfield code="a">Universidad de Zaragoza</subfield>
            <subfield code="b"> </subfield>
            <subfield code="c"></subfield>
        </datafield>
        <datafield tag="856" ind1="0" ind2=" ">
            <subfield code="f">702042@celes.unizar.es</subfield>
        </datafield>
        <datafield tag="856" ind1="4" ind2=" ">
            <subfield code="s">1264626</subfield>
            <subfield code="u">http://zaguan.unizar.es/record/90097/files/TAZ-TFG-2020-273.pdf</subfield>
            <subfield code="y">Memoria (spa)</subfield>
        </datafield>
        <datafield tag="909" ind1="C" ind2="O">
            <subfield code="o">oai:zaguan.unizar.es:90097</subfield>
            <subfield code="p">driver</subfield>
            <subfield code="p">trabajos-fin-grado</subfield>
        </datafield>
        <datafield tag="950" ind1=" " ind2=" ">
            <subfield code="a"></subfield>
        </datafield>
        <datafield tag="951" ind1=" " ind2=" ">
            <subfield code="a">deposita:2020-07-17</subfield>
        </datafield>
        <datafield tag="980" ind1=" " ind2=" ">
            <subfield code="a">TAZ</subfield>
            <subfield code="b">TFG</subfield>
            <subfield code="c">ECON</subfield>
        </datafield>
        <datafield tag="999" ind1=" " ind2=" ">
            <subfield code="a">20200218202627.CREATION_DATE</subfield>
        </datafield>
    </record>

    
</collection>